[Event "Autumn Cup 2011"]
[Site "SchemingMind.com"]
[Date "2011.09.19"]
[Round "-"]
[White "loco61"]
[Black "otsenrechess"]
[Result "0-1"]
[WhiteCountry "ENG"]
[BlackCountry "HUN"]
[WhiteElo "1657"]
[WhiteRD "67"]
[BlackElo "2147"]
[BlackRD "45"]
[GameID "293215"]

1. e4 e6 2. d4 d5 3. e5 c5 4. c3 Nc6 5. Nf3 Qb6 6. Qb3 cxd4 7. Qxb6 axb6 8. cxd4 Nb4 9. Kd2 Rxa2 10. Rxa2 Nxa2
11. Nc3 Bb4 12. Kc2 Nxc1 13. Kxc1 Bd7 14. Bd3 Nh6 15. h3 O-O 16. g4 f5 17. Rg1 fxg4 18. hxg4 Rxf3 19. g5 Rxd3 20. gxh6 g6
21. Kc2 Rf3 22. Rg2 Rh3 23. Rg3 Rxg3 24. fxg3 Bxc3 25. bxc3 g5 26. Kd2 Kf7 27. g4 Kg6
0-1

[Event "Autumn Cup 2011"]
[Site "SchemingMind.com"]
[Date "2011.09.19"]
[Round "-"]
[White "otsenrechess"]
[Black "loco61"]
[Result "1-0"]
[WhiteCountry "HUN"]
[BlackCountry "ENG"]
[WhiteElo "2147"]
[WhiteRD "45"]
[BlackElo "1657"]
[BlackRD "67"]
[GameID "293218"]

1. e4 e5 2. Nf3 Nc6 3. Bb5 d6 4. d4 Bd7 5. dxe5 dxe5 6. O-O Bd6 7. Nc3 a6 8. Bxc6 Bxc6 9. Qe2 Nf6 10. Rd1 Qe7
11. Bg5 h6 12. Bxf6 Qxf6 13. Nd5 Bxd5 14. Rxd5 O-O-O 15. Rad1 g5 16. h3 Rdg8 17. Qe3 b6 18. Rxd6 cxd6 19. Qxb6 Rd8 20. Qc6+ Kb8
21. Rd3 Qe7 22. Rb3+ Ka7 23. Rb6 Rc8 24. Rxa6+ Kb8 25. Ra8#
1-0

[Event "Autumn Cup 2011"]
[Site "SchemingMind.com"]
[Date "2011.09.20"]
[Round "-"]
[White "Michal Drus"]
[Black "mochiron"]
[Result "1-0"]
[WhiteCountry "POL"]
[BlackCountry "JPN"]
[WhiteElo "1564"]
[WhiteRD "89"]
[BlackElo "1434"]
[BlackRD "82"]
[GameID "293382"]

1. e4 c6 2. d4 d5 3. Nc3 dxe4 4. Nxe4 Bf5 5. Ng3 Bg6 6. h4 h6 7. h5 Bh7 8. Nf3 e6 9. Bc4 Bd6 10. O-O Bxg3
11. fxg3 Nf6 12. Ne5 O-O 13. g4 Nbd7 14. g5 Nxe5 15. dxe5 Nd5 16. gxh6 g6 17. Qg4 Kh8 18. Bd3 Rg8 19. Rxf7 gxh5 20. Rxh7#
1-0

[Event "Autumn Cup 2011"]
[Site "SchemingMind.com"]
[Date "2011.09.20"]
[Round "-"]
[White "mochiron"]
[Black "Michal Drus"]
[Result "1-0"]
[WhiteCountry "JPN"]
[BlackCountry "POL"]
[WhiteElo "1496"]
[WhiteRD "80"]
[BlackElo "1489"]
[BlackRD "74"]
[GameID "293384"]

1. b4 e5 2. Bb2 Bxb4 3. Bxe5 Nf6 4. c3 Bc5 5. d4 Bb6 6. Nf3 O-O 7. e3 d6 8. Bf4 Ne4 9. Bd3 Qe7 10. Bxe4 Qxe4
11. O-O Bg4 12. Nbd2 Qd3 13. h3 Bxf3 14. gxf3 Qxc3 15. Ne4 Qc4 16. Kh2 Nc6 17. Rg1 Kh8 18. Rxg7 Kxg7 19. Qg1+ Kh8 20. Qg5 f5
21. Nf6 Nxd4 22. Qh6 Nxf3+ 23. Kh1 Rf7 24. Rg1 Nxg1 25. Kxg1 Rg7+ 26. Kh2 Qf1 27. Bg5 Qxf2+ 28. Kh1 f4 29. Nxh7 Rag8 30. Nf8+
1-0

[Event "Autumn Cup 2011"]
[Site "SchemingMind.com"]
[Date "2011.09.22"]
[Round "-"]
[White "Ilang"]
[Black "flammablepawn"]
[Result "1-0"]
[WhiteCountry "HUN"]
[BlackCountry "USA"]
[WhiteElo "2372"]
[WhiteRD "80"]
[BlackElo "1893"]
[BlackRD "71"]
[GameID "293603"]

1. e4 e6 2. d4 d5 3. Nc3 Nf6 4. Bg5 dxe4 5. Nxe4 Be7 6. Bxf6 Bxf6 7. Nf3 O-O 8. Qd2 Nd7 9. O-O-O b6 10. Bc4 c6
11. Qf4 Be7 12. Rhe1 Bb7 13. Neg5 Qb8 14. Nxe6 Qxf4+ 15. Nxf4 Bd6 16. Ne5 Nxe5 17. dxe5 Bc5 18. e6 Bxf2 19. exf7+ Kh8 20. Re7 Rab8
21. Ne6 Rfc8 22. Rd8+
1-0

[Event "Autumn Cup 2011"]
[Site "SchemingMind.com"]
[Date "2011.09.22"]
[Round "-"]
[White "flammablepawn"]
[Black "Ilang"]
[Result "0-1"]
[WhiteCountry "USA"]
[BlackCountry "HUN"]
[WhiteElo "1893"]
[WhiteRD "71"]
[BlackElo "2372"]
[BlackRD "80"]
[GameID "293604"]

1. b4 c6 2. Bb2 a5 3. a3 axb4 4. axb4 Rxa1 5. Bxa1 Na6 6. c3 e5 7. e3 Nf6 8. Nf3 d6 9. Qa4 b5 10. Qc2 Be7
11. Be2 O-O 12. O-O e4 13. Nd4 Bd7 14. d3 c5 15. bxc5 dxc5 16. Nb3 exd3
0-1

[Event "Autumn Cup 2011"]
[Site "SchemingMind.com"]
[Date "2011.10.02"]
[Round "-"]
[White "Jari Laine"]
[Black "emvarela"]
[Result "1-0"]
[WhiteCountry "FIN"]
[BlackCountry "ARG"]
[WhiteElo "2189"]
[WhiteRD "77"]
[BlackElo "1797"]
[BlackRD "49"]
[GameID "293696"]

1. e4 e5 2. Nf3 Nc6 3. Bb5 a6 4. Ba4 Nf6 5. d4 Nxd4 6. Nxd4 exd4 7. e5 Nd5 8. Qxd4 Nb6 9. O-O Nxa4 10. Qxa4 Be7
11. Rd1 O-O 12. Nc3 b5 13. Nxb5 c6 14. Nd6 Bxd6 15. exd6 Qf6 16. Qd4 Qxd4 17. Rxd4 Re8 18. Be3 Rb8 19. b3 Rb5 20. Re1 Rbe5
21. Red1 R8e6 22. Rb4 Rb5 23. Rc4 a5 24. Ra4 Rd5 25. Rxd5 cxd5 26. Rxa5 Rxd6 27. b4 Ra6 28. Rc5 Rc6 29. b5 Rxc5 30. Bxc5 f6
31. a4 Kf7 32. a5 Ke6 33. Bd4 Kd6 34. a6
1-0

[Event "Autumn Cup 2011"]
[Site "SchemingMind.com"]
[Date "2011.10.02"]
[Round "-"]
[White "emvarela"]
[Black "Jari Laine"]
[Result "0-1"]
[WhiteCountry "ARG"]
[BlackCountry "FIN"]
[WhiteElo "1774"]
[WhiteRD "47"]
[BlackElo "2254"]
[BlackRD "88"]
[GameID "293703"]

1. e4 e5 2. Nf3 Nc6 3. d4 exd4 4. c3 d5 5. exd5 Qxd5 6. cxd4 Bg4 7. Nc3 Bb4 8. Be2 Bxf3 9. Bxf3 Qc4 10. Bxc6+ Qxc6
11. Qe2+ Ne7 12. Bd2 Qxg2 13. O-O-O O-O 14. Rdg1 Qc6 15. Qg4 g6 16. a3 Bxc3 17. Bxc3 Nd5 18. Qf3 Rae8 19. Rg5 Nxc3
0-1

[Event "Autumn Cup 2011"]
[Site "SchemingMind.com"]
[Date "2011.09.24"]
[Round "-"]
[White "Scooter"]
[Black "Timaeus"]
[Result "1-0"]
[WhiteCountry "USA"]
[BlackCountry "JPN"]
[WhiteElo "1806"]
[WhiteRD "55"]
[BlackElo "1406"]
[BlackRD "67"]
[GameID "293753"]

1. d4 Nf6 2. Bf4 d5 3. Nf3 Bf5 4. e3 Nc6 5. Bb5 e6 6. Ne5 Qe7 7. Nxc6 bxc6 8. Bxc6+ Nd7 9. Bxa8 Qb4+ 10. Nd2 Qxb2
11. Qb1 Qxc2 12. Qxc2 Bxc2 13. Rc1 Be4 14. Rxc7 Bxg2 15. Rg1 Bh3 16. Bc6
1-0

[Event "Autumn Cup 2011"]
[Site "SchemingMind.com"]
[Date "2011.09.24"]
[Round "-"]
[White "NYNH"]
[Black "vista"]
[Result "1-0"]
[WhiteCountry "USA"]
[BlackCountry "JPN"]
[WhiteElo "2092"]
[WhiteRD "73"]
[BlackElo "1235"]
[BlackRD "108"]
[GameID "293754"]

1. d4 d5 2. c4 Nf6 3. cxd5 Nxd5 4. e4 Nb6 5. Nc3 e6 6. Nf3 Bb4 7. Bd3 Na4 8. Qxa4+ c6 9. Qxb4 Bd7 10. Qxb7 Na6
11. Qxa6 Qb8 12. Ne5 Bc8 13. Qxc6+ Bd7 14. Qxd7+ Kf8 15. Qxf7#
1-0

[Event "Autumn Cup 2011"]
[Site "SchemingMind.com"]
[Date "2011.09.24"]
[Round "-"]
[White "Timaeus"]
[Black "Scooter"]
[Result "0-1"]
[WhiteCountry "JPN"]
[BlackCountry "USA"]
[WhiteElo "1406"]
[WhiteRD "67"]
[BlackElo "1806"]
[BlackRD "55"]
[GameID "293758"]

1. c4 Nf6 2. d4 e6 3. Nc3 d5 4. e3 c6 5. Nf3 Bb4 6. Bd2 O-O 7. Bd3 Nbd7 8. O-O dxc4 9. Bxc4 Bxc3 10. Bxc3 Nd5
11. Ne5 Nxc3 12. bxc3 Qc7 13. Ng4 Nb6 14. Bd3 Rd8 15. Ne5 Nd5 16. Qh5 g6 17. Qg5 f6 18. Qxf6 Nxf6 19. a4 c5 20. Rac1 b6
21. f3 Bb7 22. e4 Rac8 23. Rfd1 cxd4 24. cxd4 Qxc1 25. Be2 Qxd1+ 26. Bf1 Rc1
0-1

[Event "Autumn Cup 2011"]
[Site "SchemingMind.com"]
[Date "2011.09.24"]
[Round "-"]
[White "vista"]
[Black "NYNH"]
[Result "0-1"]
[WhiteCountry "JPN"]
[BlackCountry "USA"]
[WhiteElo "1235"]
[WhiteRD "108"]
[BlackElo "2092"]
[BlackRD "73"]
[GameID "293759"]

1. e4 c5 2. Nc3 e6 3. Nf3 a6 4. d4 cxd4 5. Nxd4 Nf6 6. e5 Ng8 7. Ne4 Qa5+ 8. Nc3 Qxe5+ 9. Be2 Nf6 10. f4 Qc7
11. Be3 Bb4 12. Bd2 Nc6 13. Nxc6 bxc6 14. Bd3 Bxc3 15. Bxc3 Qxf4 16. Qe2 d5 17. h3 c5 18. Qf3 Qxf3 19. Rf1 Qe3+ 20. Be2 d4
21. Bd2 Qg3+ 22. Rf2 Ne4 23. Bf4 Qxf2+ 24. Kd1 Qg1+ 25. Bf1 Qxf1#
0-1

[Event "Autumn Cup 2011"]
[Site "SchemingMind.com"]
[Date "2011.09.25"]
[Round "-"]
[White "MARISCAL"]
[Black "TRH"]
[Result "1-0"]
[WhiteCountry "ESP"]
[BlackCountry "ENG"]
[WhiteElo "2264"]
[WhiteRD "84"]
[BlackElo "2148"]
[BlackRD "68"]
[GameID "293809"]

1. e4 e5 2. Nf3 Nc6 3. Bb5 a6 4. Bxc6 dxc6 5. O-O f6 6. d4 exd4 7. Qxd4 Bd6 8. Be3 Ne7 9. Nbd2 Be6 10. Qc3 Ng6
11. Nd4 Qd7 12. Nxe6 Qxe6 13. Qb3 Qxb3 14. axb3 O-O-O 15. Rfd1 Rhe8 16. f3 Bb4 17. Kf2 h5 18. Nc4 Rxd1 19. Rxd1 b5 20. c3 bxc4
21. cxb4 cxb3 22. Rd3 Rd8 23. Rxb3 Rd1 24. Ra3 Kb7 25. Rc3 Ne5 26. Ke2 Rb1 27. Bc1 g5 28. g3 g4 29. f4 Nf3 30. h4 Kb6
31. Kd1 Nd4 32. f5 Kb7 33. e5 fxe5 34. f6 Ne6 35. f7 Kc8 36. Re3 Ra1 37. Rxe5 Nf8 38. Re8+
1-0

[Event "Autumn Cup 2011"]
[Site "SchemingMind.com"]
[Date "2011.09.25"]
[Round "-"]
[White "TRH"]
[Black "MARISCAL"]
[Result "0-1"]
[WhiteCountry "ENG"]
[BlackCountry "ESP"]
[WhiteElo "2148"]
[WhiteRD "68"]
[BlackElo "2264"]
[BlackRD "84"]
[GameID "293816"]

1. d4 Nf6 2. c4 g6 3. Nc3 d5 4. cxd5 Nxd5 5. e4 Nxc3 6. bxc3 Bg7 7. Nf3 c5 8. Rb1 O-O 9. Be2 cxd4 10. cxd4 Qa5+
11. Bd2 Qxa2 12. O-O Bg4 13. Bg5 h6 14. Be3 b6 15. Ra1 Qb2 16. Qd3 Rc8 17. h3 Bxf3 18. Bxf3 Rc3 19. Qd1 e5 20. d5 a5
21. Rb1 Qa3 22. Bxb6 a4 23. Be3 Nd7 24. Qd2 Rb3 25. Rfc1 Bf8 26. Ra1 Qb4 27. Bxh6 a3 28. Qxb4 Rxb4 29. Bd2 Rb2 30. Bc3 Rb7
31. Bg4 Nc5 32. Bxe5 a2 33. Kh2 Nd3 34. Rd1 Nxe5 35. Rd2 Nxg4+ 36. hxg4 Rba7
0-1

[Event "Autumn Cup 2011"]
[Site "SchemingMind.com"]
[Date "2011.10.11"]
[Round "-"]
[White "Ilang"]
[Black "Michal Drus"]
[Result "1-0"]
[WhiteCountry "HUN"]
[BlackCountry "POL"]
[WhiteElo "2372"]
[WhiteRD "80"]
[BlackElo "1489"]
[BlackRD "74"]
[GameID "294957"]

1. e4 c6 2. d4 d5 3. Nd2 g6 4. Ngf3 Bg7 5. c3 Bg4 6. Bd3 Nf6 7. h3 dxe4 8. Nxe4 Bf5 9. Nxf6+ exf6 10. Bxf5 Qe7+
11. Kd2 gxf5 12. Re1 Qxe1+ 13. Kxe1 O-O 14. Nh4 Re8+ 15. Kf1 Nd7 16. Nxf5 Re6 17. Qg4 Kf8 18. Qxg7+ Ke8 19. Qg8+ Nf8 20. Bh6
1-0

[Event "Autumn Cup 2011"]
[Site "SchemingMind.com"]
[Date "2011.10.11"]
[Round "-"]
[White "Michal Drus"]
[Black "Ilang"]
[Result "0-1"]
[WhiteCountry "POL"]
[BlackCountry "HUN"]
[WhiteElo "1489"]
[WhiteRD "74"]
[BlackElo "2372"]
[BlackRD "80"]
[GameID "294964"]

1. e4 c6 2. d4 d5 3. Nc3 h6 4. Nf3 e6 5. a3 Nf6 6. e5 Nfd7 7. Bd3 c5 8. Bb5 a6 9. Bxd7+ Bxd7 10. a4 Nc6
11. dxc5 Bxc5 12. O-O O-O 13. Re1 Qb6 14. Be3 d4 15. b4 Qxb4 16. Rb1 Qxc3 17. Rxb7 dxe3 18. Rb3 exf2+ 19. Kf1 fxe1=Q+ 20. Nxe1 Qc4+
21. Qe2 Qf4+ 22. Nf3 Qxa4 23. Rd3 Nb4
0-1

[Event "Autumn Cup 2011"]
[Site "SchemingMind.com"]
[Date "2011.11.16"]
[Round "-"]
[White "NYNH"]
[Black "docjan"]
[Result "0-1"]
[WhiteCountry "USA"]
[BlackCountry "SWE"]
[WhiteElo "2073"]
[WhiteRD "64"]
[BlackElo "2311"]
[BlackRD "55"]
[GameID "297071"]

1. c4 Nf6 2. Nc3 g6 3. d4 d6 4. e4 Bg7 5. f3 O-O 6. Be3 e5 7. dxe5 dxe5 8. Qxd8 Rxd8 9. Nd5 Nxd5 10. cxd5 c6
11. Bc4 b5 12. Bb3 Bb7 13. O-O-O cxd5 14. Bxd5 Bxd5 15. Rxd5 Nc6 16. Rxb5 Rd3 17. Bd2 Nd4 18. Rc5 Rd8 19. Ba5 Bh6+ 20. Bd2 Rxd2
0-1

[Event "Autumn Cup 2011"]
[Site "SchemingMind.com"]
[Date "2011.11.16"]
[Round "-"]
[White "docjan"]
[Black "NYNH"]
[Result "1-0"]
[WhiteCountry "SWE"]
[BlackCountry "USA"]
[WhiteElo "2311"]
[WhiteRD "55"]
[BlackElo "2073"]
[BlackRD "64"]
[GameID "297076"]

1. e4 e6 2. d4 d5 3. Nd2 c5 4. exd5 Qxd5 5. Ngf3 cxd4 6. Bc4 Qd8 7. Nb3 Nc6 8. O-O a6 9. Nbxd4 Nxd4 10. Nxd4 Qc7
11. Qd3 b5 12. Bb3 Bb7 13. c4 bxc4 14. Ba4+ Ke7 15. Nf5+ exf5 16. Qxf5 f6 17. Re1+ Kf7 18. Qe6+ Kg6 19. Bc2+ Kh5 20. Qh3#
1-0

[Event "Autumn Cup 2011"]
[Site "SchemingMind.com"]
[Date "2011.11.26"]
[Round "-"]
[White "MARISCAL"]
[Black "otsenrechess"]
[Result "1-0"]
[WhiteCountry "ESP"]
[BlackCountry "HUN"]
[WhiteElo "2294"]
[WhiteRD "66"]
[BlackElo "1823"]
[BlackRD "45"]
[GameID "297406"]

1. e4 c5 2. c3 Nf6 3. e5 Nd5 4. d4 cxd4 5. Nf3 Nc6 6. Bc4 Nb6 7. Bb3 d5 8. exd6 Qxd6 9. Na3 dxc3 10. Qxd6 exd6
11. Nb5 Rb8 12. Ng5 d5 13. Nc7+ Kd7 14. Nxd5 Nxd5 15. Nxf7 Bb4 16. O-O Re8 17. Bxd5 c2 18. Be3 Ke7 19. a3 Ba5 20. Bg5+ Kf8
21. Bf4 Ra8 22. Bd6+ Ne7 23. b4 Bb6 24. Rfe1 Bf5 25. Rac1 Rac8 26. g4 Bxg4 27. Ng5 Bf5 28. Re5 Bg6 29. Ba2 h6 30. Ne6+
1-0

[Event "Autumn Cup 2011"]
[Site "SchemingMind.com"]
[Date "2011.11.26"]
[Round "-"]
[White "otsenrechess"]
[Black "MARISCAL"]
[Result "0-1"]
[WhiteCountry "HUN"]
[BlackCountry "ESP"]
[WhiteElo "2136"]
[WhiteRD "52"]
[BlackElo "2310"]
[BlackRD "67"]
[GameID "297409"]

1. e4 e5 2. Nf3 Nc6 3. Bc4 Bc5 4. d3 Nf6 5. c3 d6 6. O-O O-O 7. b4 Bb6 8. Nbd2 Ne7 9. Bb3 c6 10. Nc4 Bc7
11. Qe2 Ng6 12. g3 d5 13. exd5 Nxd5 14. Qc2 b5 15. Ne3 a5
0-1

[Event "Autumn Cup 2011"]
[Site "SchemingMind.com"]
[Date "2012.01.08"]
[Round "-"]
[White "Scooter"]
[Black "Jari Laine"]
[Result "0-1"]
[WhiteCountry "USA"]
[BlackCountry "FIN"]
[WhiteElo "1818"]
[WhiteRD "56"]
[BlackElo "2189"]
[BlackRD "77"]
[GameID "300878"]

1. d4 e6 2. Nf3 f5 3. Bg5 Nf6 4. e3 Be7 5. Be2 O-O 6. O-O d6 7. Nbd2 h6 8. Bxf6 Bxf6 9. c4 c5 10. Qc2 Nc6
11. Nb3 Nb4 12. Qd2 Qb6 13. a3 Nc6 14. Qc3 a5 15. Rab1 a4 16. Nbd2 cxd4
0-1

[Event "Autumn Cup 2011"]
[Site "SchemingMind.com"]
[Date "2012.01.09"]
[Round "-"]
[White "Jari Laine"]
[Black "Scooter"]
[Result "1-0"]
[WhiteCountry "FIN"]
[BlackCountry "USA"]
[WhiteElo "2241"]
[WhiteRD "68"]
[BlackElo "1857"]
[BlackRD "58"]
[GameID "300879"]

1. e4 c6 2. d4 d5 3. e5 Bf5 4. Nf3 e6 5. Be2 Nd7 6. O-O Ne7 7. Nh4 Bg6 8. Nd2 c5 9. c3 Nc6 10. Nxg6 hxg6
11. Nf3 Be7 12. Be3 cxd4 13. cxd4 Nb6 14. b3 Rc8 15. a3 a6 16. Qd2 Nd7 17. Rfc1 Na7 18. b4 b5 19. Rxc8 Qxc8 20. Rc1 Qb7
21. Qc3 O-O 22. Qc7 Rb8 23. Bg5 f6 24. exf6 gxf6 25. Bh6 Bd8 26. Qd6 Kh7 27. Bd2 Rc8 28. Qxe6 Rxc1+ 29. Bxc1
1-0

[Event "Autumn Cup 2011"]
[Site "SchemingMind.com"]
[Date "2012.02.15"]
[Round "-"]
[White "MARISCAL"]
[Black "Ilang"]
[Result "1-0"]
[WhiteCountry "ESP"]
[BlackCountry "HUN"]
[WhiteElo "2312"]
[WhiteRD "71"]
[BlackElo "2353"]
[BlackRD "73"]
[GameID "303448"]

1. e4 c6 2. d4 d5 3. Bd3 dxe4 4. Bxe4 Nf6 5. Bf3 Bf5 6. Ne2 e6 7. O-O Nbd7 8. Re1 Bd6 9. Ng3 Bg6 10. Nd2 O-O
11. Nc4 Bc7 12. Bg5 h6 13. Bh4 Re8 14. c3 Qb8 15. Bxf6 Nxf6 16. Qe2 Rd8 17. Rad1 Bh7 18. a3 Nd5 19. Ne5 Bxe5 20. dxe5 Qc7
21. Qc4 Ne7 22. Rd4 Qb6 23. b4 Rxd4 24. cxd4 a5 25. Qc5 Nc8 26. Be4 Bxe4 27. Nxe4 axb4 28. axb4 Qa7 29. h3 Qa2 30. Kh2 Qd5
31. Re3 Qd8 32. Rf3 Ra1 33. Qc3 Ra8 34. Qe3 Qf8 35. Qf4 Ra7 36. Qg4 b6 37. Nf6+ Kh8 38. Nh5 Kg8 39. Rg3 g6 40. Nf6+ Kg7
41. h4 Ne7 42. h5 Nf5 43. Rc3 Qa8 44. hxg6 fxg6 45. Qe4 b5 46. g4 Ne7 47. Rh3 Ra3 48. Rxa3 Qxa3 49. Ne8+
1-0

[Event "Autumn Cup 2011"]
[Site "SchemingMind.com"]
[Date "2012.02.15"]
[Round "-"]
[White "Jari Laine"]
[Black "docjan"]
[Result "0-1"]
[WhiteCountry "FIN"]
[BlackCountry "SWE"]
[WhiteElo "2350"]
[WhiteRD "73"]
[BlackElo "2298"]
[BlackRD "59"]
[GameID "303449"]

1. e4 e5 2. Nf3 Nc6 3. Bb5 a6 4. Ba4 Nf6 5. O-O Be7 6. Qe2 b5 7. Bb3 O-O 8. c3 d5 9. d3 Be6 10. Rd1 Re8
11. Nbd2 h6 12. Nf1 Bc5 13. Ng3 Bb6 14. Be3 Bxe3 15. Qxe3 Qe7 16. exd5 Nxd5 17. Qe4 Qd6 18. Nf5 Bxf5 19. Qxf5 Rad8 20. Nd2 Na5
21. a4 Nxb3 22. Nxb3 b4 23. Na5 bxc3 24. bxc3 Nxc3 25. Nb7 Qd7 26. Qxd7 Rxd7 27. Rd2 e4 28. d4 f5 29. Rc2 Nd5 30. Na5 e3
31. Nc6 Rd6 32. fxe3 Rxe3 33. a5 f4 34. Ne5 Rb3 35. Rac1 Ne3 36. Rxc7 Rxd4 37. Ng6 Rb2 38. Kh1 Rxg2 39. Rc8+ Kf7 40. Ne5+ Kf6
41. Nf3 Rd5 42. Rf8+ Ke7 43. Rxf4 Rg6 44. Nd4 Rg4 45. Rf3 Rgxd4 46. Rxe3+ Kd6 47. Rg3 Rg5 48. Rxg5 hxg5 49. Ra1 Rd5 50. Kg2 Kc5
51. Kf3 Kb4 52. Ke4 Rxa5 53. Rd1 Rc5 54. Rb1+ Kc4 55. Rc1+ Kb5 56. Rb1+ Kc6 57. Ra1 a5 58. Kd4 Kb6 59. Rb1+ Rb5 60. Re1 a4
61. Kc3 Kc6 62. Re7 Rb3+ 63. Kc4 Rh3 64. Rxg7 Rh4+ 65. Kc3 g4 66. Rg5 Kd6 67. Rg8 a3 68. Rd8+ Ke5 69. Rd2 Ke4 70. Re2+ Kf5
71. Rf2+ Kg5 72. Kb3 Rh3+ 73. Ka2 Rd3 74. Rc2 Kh4 75. Re2 Kh3 76. Rc2 Rd1 77. Kxa3 Rh1
0-1

[Event "Autumn Cup 2011"]
[Site "SchemingMind.com"]
[Date "2012.02.15"]
[Round "-"]
[White "Ilang"]
[Black "MARISCAL"]
[Result "1/2-1/2"]
[WhiteCountry "HUN"]
[BlackCountry "ESP"]
[WhiteElo "2353"]
[WhiteRD "73"]
[BlackElo "2312"]
[BlackRD "71"]
[GameID "303452"]

1. e4 e6 2. d4 d5 3. Nc3 dxe4 4. Nxe4 Nf6 5. Bg5 Be7 6. Nxf6+ Bxf6 7. Bxf6 Qxf6 8. Nf3 O-O 9. Bd3 c5 10. dxc5 Qxb2
11. O-O Nd7 12. c6 bxc6 13. Be4 Qb6 14. Qd6 Nf6 15. Qe5 Nxe4 16. Qxe4 Qc5 17. c4 Ba6 18. Ne5 f6 19. Nd7 Qxc4 20. Qxc4 Bxc4
21. Rfc1 Rfd8 22. Nxf6+ gxf6 23. Rxc4 Rac8 24. Rac1 c5 25. Kf1 Rd5 26. Ra4 Rc7 27. Rc3 e5 28. Ra6 c4 29. Rxf6 Kg7 30. Ra6 Rd3
31. Rc2 h5 32. Ke2 Rd5 33. f3 Rdc5 34. Ke3 h4 35. g3 hxg3 36. hxg3 c3 37. Ra3 Kf6 38. Kd3 Rd7+ 39. Ke4 Rc4+ 40. Ke3 Rdc7
41. Kd3 Rd4+ 42. Ke2 Rdc4 43. Kd3 Rd4+ 44. Ke3 Rdc4=
1/2-1/2

[Event "Autumn Cup 2011"]
[Site "SchemingMind.com"]
[Date "2012.02.15"]
[Round "-"]
[White "docjan"]
[Black "Jari Laine"]
[Result "1-0"]
[WhiteCountry "SWE"]
[BlackCountry "FIN"]
[WhiteElo "2317"]
[WhiteRD "62"]
[BlackElo "2339"]
[BlackRD "76"]
[GameID "303453"]

1. d4 d5 2. c4 e5 3. dxe5 d4 4. Nd2 Nc6 5. Ngf3 Bg4 6. Qb3 Rb8 7. e3 dxe3 8. Qxe3 Nb4 9. Qe4 Qd7 10. Qb1 Qe6
11. Bd3 Rd8 12. Be4 Bxf3 13. Nxf3 Qxc4 14. a3 Nd3+ 15. Bxd3 Qxd3 16. Qxd3 Rxd3 17. Be3 a6 18. Ke2 Rd5 19. Rhd1 Ne7 20. Rac1 c6
21. Nd2 Rb5 22. Nc4 Nd5 23. b4 f6 24. exf6 Nxf6 25. Bd4 Be7 26. Bxf6 gxf6 27. Rc3 Rg8 28. g3 c5 29. Re3 Kf8 30. bxc5 Rxc5
31. Rd7 Rg7 32. Nd2 Rb5 33. a4 Rb4 34. a5 Rb5 35. Nc4 Rf7 36. Red3 Bb4 37. R7d5 Re7+ 38. Kf3 Rc5 39. Rxc5 Bxc5 40. g4 Kf7
41. Rd5 Ba7 42. h4 Rc7 43. Ne3 Ke6 44. Rh5 Rd7 45. Ng2 Kd6 46. Rf5 Bd4 47. Ne3 Ke6 48. Ke4 Bb2 49. f4 Rd4+ 50. Kf3 Rd3
51. Ke2 Rd7 52. Rc5 Ba3 53. Rc4 Be7 54. Kf3 Bd8 55. Rc5 Kf7 56. Nc4 Rc7 57. Rd5 Be7 58. Ne3 Kg6 59. Rd3 h6 60. h5+ Kf7
61. Nf5 Bf8 62. Rb3 Ke6 63. Ke4 Kf7 64. Ke3 Kg8 65. Kd4 Kf7 66. Rc3 Rd7+ 67. Ke4 Ke8 68. Rc8+ Kf7 69. Ne3 Bb4 70. Rc4 Bf8
71. Nd5 Ba3 72. Nb6 Re7+ 73. Kf5 Bb2 74. Rc8 Ba1 75. Rh8 Kg7 76. Rd8 Bc3 77. Nd5 Bxa5 78. Rb8 Rf7 79. Ke6 Bd2 80. Ne7
1-0

[Event "Autumn Cup 2011"]
[Site "SchemingMind.com"]
[Date "2012.07.06"]
[Round "-"]
[White "docjan"]
[Black "MARISCAL"]
[Result "1-0"]
[WhiteCountry "SWE"]
[BlackCountry "ESP"]
[WhiteElo "2328"]
[WhiteRD "67"]
[BlackElo "2367"]
[BlackRD "88"]
[GameID "313843"]

1. d4 e6 2. c4 f5 3. Nf3 Nf6 4. g3 c6 5. Bg2 d5 6. O-O Bd6 7. c5 Bc7 8. Nc3 O-O 9. a4 Nbd7 10. b4 e5
11. Bg5 Qe8 12. dxe5 Nxe5 13. Bxf6 Rxf6 14. e3 Nxf3+ 15. Bxf3 Be5 16. Rc1 g5 17. Bg2 g4 18. h4 gxh3 19. Bxh3 f4 20. Bxc8 Qxc8
21. Nxd5 cxd5 22. Qxd5+ Qe6 23. Qxe6+ Rxe6 24. exf4 Bb2 25. Rc2 Bg7 26. Rfc1 Re4 27. Rc4 Rxc4 28. Rxc4 Rc8 29. Kg2 a5 30. b5 Bf8
31. c6 bxc6 32. Rxc6 Re8 33. Kf3 Bb4 34. g4 Kf7 35. Rc7+ Kg8 36. b6 Bd6 37. Rd7 Bb8 38. Rd5 Rf8 39. f5
1-0

[Event "Autumn Cup 2011"]
[Site "SchemingMind.com"]
[Date "2012.07.06"]
[Round "-"]
[White "MARISCAL"]
[Black "docjan"]
[Result "1-0"]
[WhiteCountry "ESP"]
[BlackCountry "SWE"]
[WhiteElo "2367"]
[WhiteRD "88"]
[BlackElo "2328"]
[BlackRD "67"]
[GameID "313846"]

1. e4 e5 2. Nf3 Nf6 3. Nc3 Nc6 4. Bb5 Bc5 5. O-O O-O 6. Nxe5 Nxe5 7. d4 Bd6 8. f4 Neg4 9. e5 Bb4 10. a3 Bxc3
11. bxc3 d5 12. f5 c6 13. Bd3 Qa5 14. exf6 Nxf6 15. Bg5 Ne4 16. Bxe4 dxe4 17. Be7 Re8 18. f6 Qxc3 19. Rb1 Be6 20. Re1 Bd5
21. Rxb7 a5 22. Kf2 Rab8 23. Re3 Qc4 24. Qg4
1-0